Statistics for Countries that start with C - One Minute Sprint

Click here to take the quiz!

General Stats

  • This quiz has been taken 57 times
    (43 since last reset)
  • The average score is 12 of 18

Answer Stats

Answer% Correct
Canada
89%
Cameroon
86%
Cambodia
83%
China
83%
Colombia
80%
Chile
74%
Costa Rica
74%
Chad
71%
Czech Republic
71%
Comoros
69%
Croatia
69%
Central African Republic
60%
Cuba
60%
DR Congo
60%
Republic of the Congo
60%
Cyprus
54%
Cape Verde
40%
Côte d'Ivoire
37%

Score Distribution

Percentile by Number Answered

Percent of People with Each Score

Your Score History

You have not taken this quiz since the last reset